[Event "Momotov mem"]
[Site "Enakievo"]
[Date "1997.??.??"]
[Round "?"]
[White "Savchenko, Stanislav"]
[Black "Gurevich, Vladimir"]
[Result "1-0"]
[WhiteElo "2575"]
[BlackElo "2430"]

1.Nf3 Nf6 2.c4 g6 3.Nc3 Bg7 4.e4 d6 5.d4 O-O 6.Be2 e5 7.O-O exd4 8.Nxd4 Re8
9.f3 c6 10.Kh1 Nbd7 11.Bg5 h6 12.Be3 d5 13.cxd5 cxd5 14.Qd2 dxe4 15.Bxh6 Nc5
16.Rad1 exf3 17.Bxf3 Ne6 18.Bxg7 Nxg7 19.Qf4 Qe7 20.Be2 Ngh5 21.Qg5 Kg7 22.Ndb5 Be6
23.Nd6 Rh8 24.Qe5 Kg8 25.Bxh5 Nxh5 26.Nxf7  1-0

[Event "Schachschule Erlangen op"]
[Site "Erlangen"]
[Date "1997.??.??"]
[Round "1"]
[White "Ackermann, Klaus"]
[Black "Prusikin, Mikhajlo"]
[Result "0-1"]
[WhiteElo "1760"]
[BlackElo "2450"]

1.d4 Nf6 2.Nf3 g6 3.c4 Bg7 4.Nc3 O-O 5.e4 d6 6.Be2 Nbd7 7.O-O e5 8.d5 Nc5
9.Qc2 a5 10.Ne1 Bd7 11.f3 Nh5 12.Nd3 b6 13.Be3 f5 14.a3 a4 15.Nxc5 bxc5 16.b4 axb3
17.Qxb3 Nf4 18.a4 fxe4 19.fxe4 Qg5 20.Bxf4 exf4 21.Ra2 f3 22.Bxf3 Qe3+ 23.Kh1 Qxc3
24.Qxc3 Bxc3 25.Rc1 Rfb8 26.Kg1 Bd4+ 27.Kf1 Rxa4 28.Rcc2 Rxa2 29.Rxa2 Rb4
30.Ra7 Rxc4 31.Rxc7 Bb5 32.Ke1 Be3 33.Rb7 Rc1+ 34.Bd1 Bd3 35.e5 dxe5 36.d6 Bc2  0-1

[Event "DEN-ch"]
[Site "Esbjerg"]
[Date "1997.??.??"]
[Round "2"]
[White "Nielsen, Peter Heine"]
[Black "Mortensen, Erling"]
[Result "1-0"]
[WhiteElo "2525"]
[BlackElo "2450"]

1.d4 Nf6 2.c4 g6 3.Nc3 Bg7 4.e4 d6 5.Nf3 O-O 6.Be2 e5 7.O-O Nbd7 8.Qc2 c6
9.d5 Qc7 10.Be3 Ng4 11.Bd2 f5 12.exf5 gxf5 13.Ng5 Ndf6 14.h3 Nh6 15.f4 e4
16.Be3 Nf7 17.Qd2 h6 18.Nxf7 Rxf7 19.dxc6 bxc6 20.Rfd1 Bf8 21.c5 d5 22.b4 a6
23.Bd4 Be6 24.Rab1 Bg7 25.Rb3 Nd7 26.Rf1 Qd8 27.Kh2 Kh7 28.Ra3 Bxd4 29.Qxd4 Qf6
30.Qxf6 Nxf6 31.Rd1 Rfa7 32.Ra5 Ne8 33.Bf1 Nc7 34.Ne2 Rb7 35.Ra4 Nb5 36.Ra5 Bd7
37.Nd4 Nxd4 38.Rxd4  1-0

[Event "DEN-ch"]
[Site "Esbjerg"]
[Date "1997.??.??"]
[Round "6"]
[White "Schandorff, Lars"]
[Black "Mortensen, Erling"]
[Result "0-1"]
[WhiteElo "2510"]
[BlackElo "2450"]

1.d4 Nf6 2.c4 g6 3.Nc3 Bg7 4.e4 d6 5.Be2 O-O 6.Nf3 e5 7.O-O Nbd7 8.Qc2 c6
9.d5 Qc7 10.Be3 Ng4 11.Bd2 f5 12.exf5 gxf5 13.Ng5 Ndf6 14.h3 Nh6 15.f4 e4
16.Qb3 Kh8 17.Be3 Nhg8 18.Rad1 h6 19.Ne6 Bxe6 20.dxe6 Rfe8 21.g4 Rxe6 22.g5 Nd7
23.c5 d5 24.Nxd5 cxd5 25.Qxd5 Nf8 26.Qxf5 hxg5 27.Kh1 Nh6 28.Qd5 gxf4 29.Rxf4 Re5
30.Qb3 Ng6 31.Rf2 Rf5 32.Rg2 Nf4 33.Rxg7 Kxg7 34.Rg1+ Kh7 35.Bc4 Raf8 36.Qc2 Qe5
37.Qd2 Qe7 38.Bd4 Rg5 39.Rf1 Rg3 40.Rxf4 Rxh3+ 41.Kg2 Qg5+  0-1

[Event "Espoo op1"]
[Site "Espoo"]
[Date "1997.??.??"]
[Round "5"]
[White "Veingold, Aleksandr"]
[Black "Vetemaa, Juri"]
[Result "1-0"]
[WhiteElo "2460"]
[BlackElo "2355"]

1.d4 Nf6 2.Nf3 g6 3.c4 Bg7 4.Nc3 O-O 5.e4 d6 6.Be2 Nbd7 7.O-O e5 8.Qc2 h6
9.Rd1 Nh7 10.dxe5 dxe5 11.Be3 f5 12.Bc5 Rf7 13.Ba3 Ng5 14.Nxg5 Qxg5 15.Nd5 Nf8
16.g3 fxe4 17.Qxe4 c6 18.Ne3 Ne6 19.h4 Qf6 20.Ng4 Qf5 21.Qxf5 gxf5 22.Ne3 f4
23.Nc2 Nd4 24.Nxd4 exd4 25.Bc5 Rd7 26.Bf3 Rd8 27.Rd2 Bf5 28.g4 Bh7 29.Re1  1-0

[Event "Essen op"]
[Site "Essen"]
[Date "1997.??.??"]
[Round "4"]
[White "Roski, Ferdinand"]
[Black "Hausrath, Daniel"]
[Result "1/2-1/2"]
[WhiteElo "2195"]
[BlackElo "2425"]

1.d4 Nf6 2.c4 g6 3.Nc3 Bg7 4.e4 d6 5.Nf3 O-O 6.Be2 e5 7.dxe5 dxe5 8.Qxd8 Rxd8
9.Bg5 c6 10.Rd1 Rxd1+ 11.Kxd1 Na6 12.Kc2 Nc5 13.Nd2 Ne6 14.Be3 Nd4+ 15.Kd1 Be6
16.f3 Rd8 17.Kc1 Nxe2+ 18.Nxe2 Rd3 19.Bg5 h6 20.Kc2 Rd7 21.Be3 b5 22.b3 Bf8
23.Rd1 a6 24.Nc1 Rc7 25.Nd3 Nd7 26.Rc1 Ba3 27.Rb1 Bf8 28.a4 Kg7 29.Kc3 Rb7
30.axb5 axb5 31.Ra1 Be7 32.Ra6 Nb8 33.Ra8 Nd7 34.Re8 Nf6 35.Ra8 Nd7 36.g4 Bg5
37.Bxg5 hxg5 38.c5 b4+ 39.Nxb4 Nxc5 40.Ra5 Nd7 41.Nd3 Kf6 42.Ra6 Rc7 43.Nc4 Bxc4
44.Kxc4 Ke7 45.b4 Kd6 46.Nb2 Rb7 47.Na4 Rb8 48.Ra7 Rb5 49.Nc5 Nxc5 50.bxc5+ Rxc5+
51.Kb4 Rb5+ 52.Kc4 Ke6 53.Ra6 Rb2 54.Rxc6+ Kd7 55.Ra6 Rd2  1/2-1/2

[Event "FIN-ch U20"]
[Site "FIN"]
[Date "1997.??.??"]
[Round "7"]
[White "Taivainen, Jukka"]
[Black "Agopov, Mikael"]
[Result "1/2-1/2"]
[WhiteElo "2295"]
[BlackElo "2305"]

1.d4 Nf6 2.Nf3 g6 3.c4 Bg7 4.Nc3 O-O 5.e4 d6 6.Be2 e5 7.d5 a5 8.Bg5 h6 9.Bh4 Na6
10.Nd2 Qe8 11.O-O Nh7 12.a3 Bd7 13.Kh1 Bf6 14.Bxf6 Nxf6 15.b3 Nh7 16.Rb1 f5
17.b4 axb4 18.axb4 Nf6 19.Qc2  1/2-1/2

[Event "FIN-chT 9798"]
[Site "Finland"]
[Date "1997.??.??"]
[Round "1"]
[White "Tuominen, Risto"]
[Black "Hartikainen, Markku"]
[Result "0-1"]
[WhiteElo "2160"]
[BlackElo "2255"]

1.d4 Nf6 2.c4 g6 3.Nc3 Bg7 4.e4 O-O 5.Be2 d6 6.Nf3 e5 7.d5 a5 8.Bg5 h6 9.Bh4 Qe8
10.Nd2 Na6 11.O-O Nh7 12.a3 Bd7 13.b3 h5 14.f3 Bh6 15.Qc2 Be3+ 16.Kh1 f5
17.exf5 gxf5 18.Rae1 Qg6 19.Bd3 Bc5 20.Ndb1 Kh8 21.Bf2 Rg8 22.Rg1 Rg7 23.Bf1 Ng5
24.Bxc5 Nxc5 25.Be2 Rag8 26.Qd1 h4 27.Nd2 f4 28.Nde4 Bf5 29.Nxc5 dxc5 30.Ref1 Bc2
31.Qe1 Bxb3 32.Ne4 Nxe4 33.fxe4 b6 34.Bd3 Qf6 35.Rf3 Rg3 36.Qf2 Qg5 37.Be2 Bc2
38.hxg3 hxg3 39.Rxg3 fxg3 40.Qf5 Qh4+  0-1

[Event "FIN-chT 9798"]
[Site "Finland"]
[Date "1997.??.??"]
[Round "2"]
[White "Veingold, Aleksandr"]
[Black "Sepp, Olav"]
[Result "1-0"]
[WhiteElo "2460"]
[BlackElo "2425"]

1.d4 Nf6 2.Nf3 g6 3.c4 Bg7 4.Nc3 O-O 5.e4 d6 6.Be2 e5 7.O-O Nh5 8.Bg5 f6
9.Be3 Nf4 10.Bxf4 exf4 11.c5 dxc5 12.Qb3+ Kh8 13.dxc5 c6 14.Rad1 Qa5 15.Qc4 Na6
16.Na4 b5 17.cxb6 axb6 18.Nc3 Bb7 19.e5 b5 20.Qxf4 fxe5 21.Qh4 Qb4 22.Qxb4 Nxb4
23.Ng5 Bc8 24.Bf3 Bf6 25.Nge4 Be7 26.Nd6 Bxd6 27.Rxd6 Nxa2 28.Ra1 Be6 29.Bxc6  1-0

[Event "FRA-chT9697 groupe B"]
[Site "France"]
[Date "1997.??.??"]
[Round "4"]
[White "Mainville, Eric"]
[Black "Touzane, Olivier"]
[Result "0-1"]
[WhiteElo "2205"]
[BlackElo "2355"]

1.d4 Nf6 2.Nf3 g6 3.c4 Bg7 4.Nc3 O-O 5.e4 d6 6.Be2 e5 7.dxe5 dxe5 8.Qxd8 Rxd8
9.Bg5 c6 10.Nxe5 Re8 11.f4 h6 12.Bh4 g5 13.Bg3 gxf4 14.Bxf4 Nxe4 15.Nxe4 Bxe5
16.Bxe5 Rxe5 17.Nc3 Be6 18.O-O-O Nd7 19.Bf3 Re3 20.Ne4 Ne5 21.b3 Bf5 22.Nd6 Bg6
23.Kd2 Rd3+ 24.Ke2 Rc3 25.Be4 Rd8 26.Bxg6 fxg6 27.Rd2 Ng4 28.h3 Rg3 29.Kd1 Rxd6
30.hxg4 Rxd2+ 31.Kxd2 Rxg2+ 32.Ke3 Kg7 33.Rd1 Rxa2 34.Rd7+ Kf6 35.Rxb7 Kg5
36.Rg7 c5 37.Ke4 Rd2 38.Rc7 Kxg4 39.Rxc5 h5 40.Rd5 Rb2  0-1

[Event "FRA-chT9697 groupe A"]
[Site "France"]
[Date "1997.??.??"]
[Round "4"]
[White "Komarov, Dimitri"]
[Black "Renet, Olivier"]
[Result "1/2-1/2"]
[WhiteElo "2615"]
[BlackElo "2505"]

1.d4 Nf6 2.c4 g6 3.Nc3 Bg7 4.e4 d6 5.Nf3 O-O 6.Be2 e5 7.Be3 exd4 8.Nxd4 Re8
9.f3 c6 10.Qd2 d5 11.exd5 cxd5 12.O-O Nc6 13.c5 Nh5 14.Bf2 Be5 15.g3 Ng7
16.Rfe1 Be6 17.Nxe6 fxe6 18.Bf1 Nf5 19.Ne2 Bg7 20.f4 Qf6  1/2-1/2

[Event "FRA-chT9697 groupe A"]
[Site "France"]
[Date "1997.??.??"]
[Round "5"]
[White "Laclau, Daniel"]
[Black "Moingt, Jean Claude"]
[Result "1-0"]
[WhiteElo "2305"]
[BlackElo "2315"]

1.d4 Nf6 2.Nf3 g6 3.c4 Bg7 4.Nc3 O-O 5.e4 d6 6.Be2 e5 7.O-O exd4 8.Nxd4 Re8
9.f3 Nc6 10.Nxc6 bxc6 11.Bg5 Bd7 12.Qd2 Qb8 13.Rab1 c5 14.a3 Be6 15.b4 cxb4
16.Rxb4 Qc8 17.Rfb1 Nd7 18.Nd5 f6 19.Bh4 g5 20.Bf2 c6 21.Nc3 Bf8 22.Ra4 Nc5
23.Rab4 Nd7 24.h4 h6 25.hxg5 hxg5 26.Qc2 Re7 27.Na4 Rh7 28.c5 dxc5 29.Rb7 Bd6
30.e5 Bxe5 31.Nxc5 Qe8 32.Nxe6 Qh5 33.Kf1 Qh1+ 34.Bg1 Bh2 35.Qg6+ Kh8 36.Rb8+  1-0

[Event "FRA-chT9697 groupe A"]
[Site "France"]
[Date "1997.??.??"]
[Round "5"]
[White "Pinter, Jozsef"]
[Black "Conquest, Stuart"]
[Result "1-0"]
[WhiteElo "2575"]
[BlackElo "2540"]

1.d4 d6 2.Nf3 g6 3.c4 Bg7 4.Nc3 Nf6 5.e4 O-O 6.Be2 e5 7.O-O Na6 8.Re1 c6
9.Bf1 Nd7 10.Rb1 Nc7 11.b4 h6 12.Bb2 f5 13.b5 c5 14.dxe5 Nxe5 15.Nxe5 Bxe5
16.Qd2 f4 17.Nd5 Ne6 18.b6 axb6 19.Bxe5 dxe5 20.Rxb6 Kg7 21.Rb5 Qd6 22.Rb6 Qd8
23.Reb1 Nd4 24.Kh1 Rf7 25.Be2 Ra7 26.Bd1 Be6 27.a4 h5 28.Qc3 Qg5 29.Qd2 Bg4
30.f3 Be6 31.Rd6 Bd7 32.a5 Bc6 33.Rb6 h4 34.Rb2 Ra6 35.Ra2 h3 36.gxh3 Bxd5
37.Rxd5 Qe7 38.Qc3 g5 39.Rg2 Kh8 40.Ba4 Rh7 41.Bd7 Rd6 42.Bg4 b6 43.a6 Rxd5
44.cxd5 b5 45.Qa5 Qc7 46.Ra2 Qxa5 47.Rxa5 Ra7 48.d6 c4 49.d7 Ra8 50.a7 c3
51.d8=Q+ Rxd8 52.a8=Q Rxa8 53.Rxa8+ Kg7 54.Bd7 b4 55.Ba4 b3 56.Bxb3 Nxb3
57.Rc8 Nd4 58.Rxc3 Kf6 59.Kg2 Kg6 60.Rc8  1-0

[Event "FRA-chT9697 groupe B"]
[Site "France"]
[Date "1997.??.??"]
[Round "5"]
[White "Collas, Didier"]
[Black "Berthelot, Yannick"]
[Result "0-1"]
[WhiteElo "2365"]
[BlackElo "2295"]

1.d4 Nf6 2.c4 g6 3.Nc3 Bg7 4.e4 d6 5.Nf3 O-O 6.Be2 e5 7.Be3 Na6 8.O-O Ng4
9.Bg5 Qe8 10.Re1 exd4 11.Nxd4 Qe5 12.Nf3 Qc5 13.Bh4 Be6 14.Nd2 Ne5 15.Nb3 Qb6
16.Nd5 Bxd5 17.Qxd5 Nd7 18.Qd2 Ndc5 19.Bf3 Nxb3 20.axb3 Nc5 21.Rab1 Rfe8
22.Re3 Bh6 23.Qc3 Bxe3 24.Qxe3 Nxe4 25.Qh6 Qd4 26.Qf4 f5 27.Bg5 Qe5 28.h4 Qxf4
29.Bxf4 a5 30.Be3 Kf7 31.Ra1 Ke7 32.g3 Kd7 33.Kg2 c6 34.Bf4 Re6 35.Be3 Ra6
36.Bd1 Nc5 37.Bc2 Kc7 38.h5 Nd7 39.Rh1 Ra8 40.hxg6 hxg6 41.Rh7 Rae8 42.Rg7 R8e7
43.Rg8 Ne5 44.Bg5 Re8 45.Rg7+ Kb6 46.Be3+ c5 47.Bg5 Nc6 48.Bd1 Nd4 49.Bd2 Ka6
50.g4 Rd8 51.Bg5 Rb8 52.Bd2 b5 53.Bc3 b4 54.Bd2 Rb7 55.Rg8 Rd7 56.Ra8+ Kb6
57.Rb8+ Ka7 58.Rc8 Kb7 59.Rf8 d5 60.Be3 dxc4 61.bxc4 b3 62.gxf5 gxf5 63.Bh5 a4
64.Be8 Rxe8 65.Rxe8 a3 66.bxa3 b2 67.Bf4 Nc6 68.Re1 Na5 69.Rb1 Nxc4 70.Bc1 Rd1
71.Rxb2+ Nxb2 72.Bxb2 Rd3  0-1

[Event "FRA-chT9697 groupe B"]
[Site "France"]
[Date "1997.??.??"]
[Round "5"]
[White "Cramling, Pia"]
[Black "Tirard, Hugo"]
[Result "1/2-1/2"]
[WhiteElo "2545"]
[BlackElo "2365"]

1.d4 Nf6 2.Nf3 g6 3.c4 Bg7 4.Nc3 O-O 5.e4 d6 6.Be2 e5 7.dxe5 dxe5 8.Qxd8 Rxd8
9.Bg5 Na6 10.Nd5 Nxd5 11.cxd5 f6 12.Be3 Bf8 13.O-O Bd7 14.Rac1 Rdc8 15.Nd2 c6
16.Bc4 Kg7 17.Nb3 Nb4 18.dxc6 Bxc6 19.a3 Na6 20.f3 Ba4 21.Nd2 Bc5 22.Bxc5 Nxc5
23.b4 Nd7 24.Bd5 Rab8 25.Nc4 Nb6 26.Nxb6 axb6 27.Rxc8 Rxc8 28.Bxb7 Rc3 29.Ra1 b5
30.Ra2 Kf8 31.Kf2 Ke7 32.Ba6 h5 33.Ke2 Rc1 34.Rd2 Rc3 35.Ra2 Rc1 36.Rd2 Rc3
37.Ra2  1/2-1/2

[Event "FRA-chT9697 groupe B"]
[Site "France"]
[Date "1997.??.??"]
[Round "7"]
[White "Bernard, Christophe"]
[Black "Tkachiev, Vladislav"]
[Result "0-1"]
[WhiteElo "2365"]
[BlackElo "2630"]

1.d4 Nf6 2.Nf3 g6 3.c4 Bg7 4.Nc3 d6 5.e4 O-O 6.Be2 Na6 7.O-O e5 8.Be3 Ng4
9.Bg5 Qe8 10.h3 Nf6 11.dxe5 dxe5 12.Be3 b6 13.a3 Nc5 14.Qc2 Nfd7 15.Nd5 Qd8
16.Rad1 Ne6 17.b4 c6 18.Nc3 c5 19.Nd5 Re8 20.Ne1 h5 21.Nd3 Bb7 22.bxc5 bxc5
23.Qa4 Nb6 24.Qb5 Nd4 25.Bxd4 cxd4 26.Nc5 Bxd5 27.cxd5 Rc8 28.a4 Bf8 29.Nb3 Rb8
30.Rb1 Nd7 31.Qa6 Nf6 32.Bd3 Bb4 33.a5 Qe7 34.f3 Red8 35.Bb5 h4 36.Nc1 Nh5
37.Nd3 Bd2 38.Bc4 Be3+ 39.Kh2 Rxb1 40.Rxb1 Qg5 41.d6 Qg3+ 42.Kh1 Nf4 43.Nxf4 Bxf4  0-1

[Event "Frankfurt Classic sim"]
[Site "Frankfurt"]
[Date "1997.??.??"]
[Round "?"]
[White "Topalov, Veselin"]
[Black "Bloessl, Walter"]
[Result "0-1"]
[WhiteElo "2725"]
[BlackElo "2180"]

1.Nf3 Nf6 2.d4 g6 3.c4 Bg7 4.Nc3 d6 5.e4 O-O 6.Be2 e5 7.Be3 c6 8.d5 Ng4 9.Bg5 f6
10.Bh4 Na6 11.O-O Nh6 12.Ne1 Nf7 13.Nd3 c5 14.a3 Bd7 15.b4 b6 16.Rb1 Qc8
17.Qb3 h5 18.f3 Kh7 19.Bf2 Bh6 20.Qa2 Nc7 21.a4 a5 22.bxa5 bxa5 23.Qb3 Na6
24.Nb5 f5 25.exf5 Bxf5 26.h3 Nb4 27.Rbe1 Nxd3 28.Bxd3 Bxh3 29.Bh4 Qd7 30.f4 Bxg2
31.Bxg6+ Kxg6 32.f5+ Kh7 33.Kxg2 Rg8+ 34.Kh1 Rg4 35.Qh3 Bf4 36.Nc3 Qxf5 37.Rf3 Rag8
38.Bf2 Qg6 39.Ne4 Ng5 40.Nxg5+  0-1

[Event "Frydek-Mistek (Women)"]
[Site "Frydek-Mistek"]
[Date "1997.??.??"]
[Round "?"]
[White "Bobrowska, Monika"]
[Black "Safranska, Anda"]
[Result "1/2-1/2"]
[WhiteElo "2385"]
[BlackElo "2305"]

1.Nf3 Nf6 2.d4 g6 3.c4 Bg7 4.Nc3 O-O 5.e4 d6 6.Be2 e5 7.d5 Nbd7 8.Bg5 h6
9.Bh4 g5 10.Bg3 Nh5 11.Nd2 Nf4 12.O-O f5 13.exf5 Nxe2+ 14.Qxe2 Rxf5 15.Rac1 Nf8
16.Nde4 Ng6 17.c5 Rf7 18.cxd6 cxd6 19.Nb5 Bf8 20.Qe3 Bf5 21.f3 a6 22.Na3 b5
23.Nc2 a5 24.Na3 Rb8 25.Kh1 Nf4 26.Bxf4 exf4 27.Qd3 Rfb7 28.Nc2 Bxe4 29.fxe4 Bg7
30.Nd4 Bxd4 31.Qxd4 Qe7 32.Rc6 Re8 33.Re1 Qf8 34.e5 dxe5 35.Rxe5 Rxe5 36.Qxe5 Re7
37.Rg6+ Kh7 38.Re6 Rxe6 39.Qxe6 Kg7 40.Qd7+ Qf7 41.Qxb5 f3 42.Kg1 fxg2 43.d6 Qxa2
44.d7 Qb1+ 45.Kxg2 Qc2+ 46.Kf3 Qd1+ 47.Ke4 Kf7 48.Qxa5 Qg4+ 49.Ke3 Qxd7 50.Qe5 Qb7
51.Ke2 Qb3 52.Qc7+ Ke6 53.Qc8+ Ke7 54.Qc5+ Kf7 55.Qa7+ Kg6 56.Qa3 Qb8 57.Qd3+ Kg7
58.Qd4+ Kg6 59.Qe4+ Kg7  1/2-1/2

[Event "Frydek-Mistek op-A"]
[Site "Frydek-Mistek"]
[Date "1997.??.??"]
[Round "2"]
[White "Szymanski, Andrzej"]
[Black "Kovalev, Andrei"]
[Result "0-1"]
[WhiteElo "2240"]
[BlackElo "2405"]

1.d4 Nf6 2.c4 d6 3.Nf3 Nbd7 4.Nc3 e5 5.e4 g6 6.Be2 Bg7 7.O-O O-O 8.Re1 h6
9.Rb1 Nh7 10.dxe5 dxe5 11.b4 f5 12.a4 c6 13.Ba3 Qe7 14.c5 Kh8 15.Qc2 Ndf6
16.Nd2 Ng5 17.f3 Ne6 18.Nc4 Nd4 19.Qd2 Nh5 20.Bf1 Bf6 21.Ne2 Nxe2+ 22.Bxe2 fxe4
23.fxe4 Nf4 24.Bf1 Bg4 25.Qc3 Ne6 26.Qg3 Bh5 27.Rec1 Nd4 28.Bb2 Kh7 29.Bxd4 exd4
30.Bd3 Bh4 31.Qd6 Bf2+ 32.Kh1 Qg7 33.Rf1 Rf6 34.Qe5 Raf8 35.Nd6 Qd7 36.Bc4 Bg4
37.Rb2 Qg7 38.Ne8  0-1

[Event "Frydek-Mistek op-A"]
[Site "Frydek-Mistek"]
[Date "1997.??.??"]
[Round "3"]
[White "Kempinski, Robert"]
[Black "Kovalev, Andrei"]
[Result "1/2-1/2"]
[WhiteElo "2515"]
[BlackElo "2405"]

1.d4 Nf6 2.c4 g6 3.Nc3 Bg7 4.e4 O-O 5.Nf3 d6 6.Be2 e5 7.d5 Nh5 8.h3 a5 9.g3 Na6
10.Bg5 Qe8 11.Nd2 Nc5 12.Nb3 Na4 13.Nb5 f6 14.Be3 Qf7 15.c5 f5 16.exf5 Bxf5
17.cxd6 Be4 18.Rg1 c6 19.dxc6 bxc6 20.Nc7 Rab8 21.Rc1 Kh8 22.Qd2 Nf6 23.Qxa5 Nxb2
24.Qc3 Nd5 25.Nxd5 cxd5 26.Qc7 Qg8 27.d7 Bd3 28.Bc5 Bxe2 29.Bxf8 Rxf8 30.Kxe2 Qf7
31.f4 exf4 32.d8=Q Qe6+ 33.Kf1 Qxh3+ 34.Ke1 Qe6+ 35.Kf1  1/2-1/2

[Event "Frydek-Mistek op-A"]
[Site "Frydek-Mistek"]
[Date "1997.??.??"]
[Round "3"]
[White "Szymanski, Andrzej"]
[Black "Obsivac, Josef"]
[Result "0-1"]
[WhiteElo "2240"]
[BlackElo "2385"]

1.d4 Nf6 2.c4 g6 3.Nc3 Bg7 4.e4 d6 5.Nf3 O-O 6.Be2 e5 7.O-O Na6 8.Re1 c6
9.Bf1 Bg4 10.d5 c5 11.h3 Bd7 12.Nh2 Nh5 13.g3 Nc7 14.Be2 Rb8 15.a4 a6 16.a5 b5
17.axb6 Rxb6 18.Bxh5 gxh5 19.g4 Bf6 20.Kh1 Bg5 21.Rg1 Kh8 22.Ne2 Bxc1 23.Qxc1 Rg8
24.f4 Qe7 25.f5 Qg5 26.Qc3 Qh4 27.Rg3 Ne8 28.Nf3 Qd8 29.g5 Qb8 30.Rb1 Rb3
31.Qc1 Rg7 32.Nc3 a5 33.Nh4 a4 34.Rg2 Qb4 35.f6 Rg6 36.Nxg6+ hxg6 37.Ra1 Qxc4
38.Kh2 Kg8 39.Ra3 Rb4 40.Rd2 Kf8 41.Qd1 Nc7 42.Qe2 Qxe2+ 43.Rxe2 Ke8 44.Kg3 Kd8
45.h4 Kc8 46.Na2 Rd4 47.Ree3 Nb5 48.Rad3 Rc4 49.b3 axb3 50.Rxb3 Rc2 51.Nc3 Nd4
52.Ra3 Kb7 53.Re1 c4 54.Rb1+ Nb3 55.Raxb3+ cxb3 56.Rxb3+ Ka6 57.Nd1 Rc1 58.Nf2 Bb5
59.Ra3+ Kb7 60.Rb3 Kb6 61.Ra3 Rc8 62.Ra1 Rb8 63.Ra2 Rc8 64.Ra1 Rc3+ 65.Kg2 Ba6
66.Rb1+ Ka7 67.Ra1 Rb3 68.Rc1 Kb7 69.Rc6 Rb6 70.Rxb6+ Kxb6 71.Kf3 Kc5 72.Ke3 Kc4
73.Nh1 Bb5 74.Ng3 Be8 75.Ne2 Kc5 76.Nc3 Kb4 77.Na2+ Kc4 78.Nc1 Kc3 79.Na2+ Kc2
80.Nb4+ Kc1 81.Na2+ Kd1  0-1

[Event "Frydek-Mistek op-A"]
[Site "Frydek-Mistek"]
[Date "1997.??.??"]
[Round "5"]
[White "Koutsin, Sergey"]
[Black "Kovalev, Andrei"]
[Result "1/2-1/2"]
[WhiteElo "2400"]
[BlackElo "2405"]

1.d4 Nf6 2.c4 g6 3.Nc3 Bg7 4.e4 O-O 5.Nf3 d6 6.Be2 e5 7.O-O Nh5 8.Bg5 f6
9.Be3 Nf4 10.c5 Nxe2+ 11.Qxe2 exd4 12.Bxd4 Nc6 13.Qc4+ Kh8 14.cxd6 Bg4 15.dxc7 Qd7
16.Nd5 Bxf3 17.gxf3 Qh3 18.Bc3 Qxf3 19.Rae1 Qg4+ 20.Kh1 Qf3+  1/2-1/2

[Event "Frydek-Mistek op-A"]
[Site "Frydek-Mistek"]
[Date "1997.??.??"]
[Round "5"]
[White "Kempinski, Robert"]
[Black "Cherevatenko, Roman"]
[Result "1-0"]
[WhiteElo "2515"]
[BlackElo "2395"]

1.d4 Nf6 2.c4 g6 3.Nc3 Bg7 4.e4 d6 5.Nf3 O-O 6.Be2 e5 7.d5 a5 8.h3 Na6 9.Bg5 h6
10.Be3 c6 11.Nd2 Bd7 12.O-O c5 13.a3 Nh7 14.f4 exf4 15.Bxf4 Qe7 16.Nb5 Be5
17.Bxh6 Rfe8 18.Bf4 Ng5 19.Bg4 f5 20.Bxe5 Qxe5 21.Nf3 Qxe4 22.Nxg5 Qe3+ 23.Rf2 Qxg5
24.Be2 Bxb5 25.cxb5 Nb8 26.Qc1 Qxc1+ 27.Rxc1 Nd7 28.g4 fxg4 29.Bxg4 Ne5 30.Rf6 Rad8
31.b6 Kg7 32.Rcf1 Rf8 33.Re6 Rxf1+ 34.Kxf1 Kf7 35.Be2 c4 36.Ke1 Re8 37.Rxd6 Nd3+
38.Kd2 Nxb2 39.Rd7+ Re7 40.Rc7 Ke8 41.Bg4 Re5 42.Kc2 Nd3 43.d6 Nc5 44.Rc8+  1-0

[Event "Frydek-Mistek op-A"]
[Site "Frydek-Mistek"]
[Date "1997.??.??"]
[Round "8"]
[White "Koutsin, Sergey"]
[Black "Kempinski, Robert"]
[Result "1/2-1/2"]
[WhiteElo "2400"]
[BlackElo "2515"]

1.d4 Nf6 2.c4 g6 3.Nc3 Bg7 4.e4 d6 5.Nf3 O-O 6.Be2 Na6 7.O-O e5 8.Be3 Ng4
9.Bg5 Qe8 10.dxe5 h6 11.Bh4 dxe5 12.Nd2 Nf6 13.Nd5 g5 14.Bg3 c6 15.Ne3 Nc5  1/2-1/2

[Event "Arnold mem"]
[Site "Gausdal"]
[Date "1997.??.??"]
[Round "5"]
[White "Ostenstad, Berge"]
[Black "Kozakov, Mikhail"]
[Result "1-0"]
[WhiteElo "2465"]
[BlackElo "2415"]

1.d4 Nf6 2.c4 g6 3.Nc3 Bg7 4.e4 d6 5.Nf3 O-O 6.Be2 Na6 7.O-O e5 8.Be3 c6
9.d5 Ng4 10.Bg5 f6 11.Bh4 c5 12.Ne1 Nh6 13.Nd3 Nf7 14.Bg4 h5 15.Bxc8 Rxc8
16.f4 Nb4 17.f5 g5 18.Be1 g4 19.Nf2 Ng5 20.a3 Na6 21.h3 Kf7 22.hxg4 hxg4
23.Bd2 Bh6 24.Nxg4 Rh8 25.Nxh6+ Rxh6 26.Bxg5 fxg5 27.Kf2 Qb6 28.Nb5 Rch8
29.Ke3 Nb8 30.f6 Nd7 31.Qg4 Nf8 32.Qc8 R6h7 33.Qb8 Qa5 34.Nxd6+ Kg8 35.f7+ Kg7
36.Ne8+ Kg6 37.Rf6+ Kh5 38.Qxe5 Kg4 39.Qf5+ Kg3 40.Qf2+ Kg4 41.Qf3+  1-0

[Event "Arnold mem"]
[Site "Gausdal"]
[Date "1997.??.??"]
[Round "7"]
[White "Harestad, Hans Krogh"]
[Black "Ivanov, Mikhail M"]
[Result "0-1"]
[WhiteElo "2205"]
[BlackElo "2445"]

1.d4 g6 2.Nf3 d6 3.c4 Bg7 4.Nc3 Nd7 5.e4 e5 6.Be2 Ngf6 7.O-O O-O 8.Be3 Re8
9.d5 Ng4 10.Bg5 f6 11.Bd2 Nh6 12.Qc2 Nf7 13.b4 f5 14.Rac1 Nf6 15.Ng5 Nxg5
16.Bxg5 h6 17.Bd2 f4 18.c5 Bf8 19.cxd6 Bxd6 20.Nb5 Re7 21.f3 h5 22.Be1 g5
23.Bf2 a6 24.Nxd6 cxd6 25.Qc3 Rg7 26.Rc2 Ne8 27.Rfc1 g4 28.fxg4 hxg4 29.g3 f3
30.Bf1 Bd7 31.Qe3 Ba4 32.Rc3 Nf6 33.Bd3 Bb5 34.Bxb5 axb5 35.Qh6 Qf8 36.Be3 Re8
37.Rc7 Rxc7 38.Qxf8+ Rxf8 39.Rxc7 Nxe4 40.Rxb7 Nc3 41.Bd2 Rc8 42.Bh6 Rc4
43.a3 Rd4 44.Kf2 Ne4+ 45.Ke3 f2 46.Rg7+ Kh8 47.Rf7 Rd1 48.Kxe4 f1=Q 49.Rxf1 Rxf1
50.Bg5 Rf7 51.Kd3 Kg7  0-1

[Event "Geneve op"]
[Site "Geneve"]
[Date "1997.??.??"]
[Round "4"]
[White "Peric, Slavisa"]
[Black "Peng Xiaomin"]
[Result "0-1"]
[WhiteElo "2260"]
[BlackElo "2500"]

1.d4 Nf6 2.c4 g6 3.Nc3 Bg7 4.e4 d6 5.Nf3 O-O 6.Be2 Nbd7 7.O-O e5 8.Qc2 c6
9.Rd1 Qe7 10.Rb1 a5 11.b3 exd4 12.Nxd4 Nc5 13.f3 Ne8 14.Bf1 f5 15.exf5 Bxd4+
16.Rxd4 Bxf5 17.Ne4 Bxe4 18.fxe4 Nf6 19.Bg5 Qe5 20.Bxf6 Rxf6 21.Rbd1 Raf8
22.Be2 Rf2 23.Qd2 Nxe4 24.Qe3 Nc3 25.Qxc3 Qxe2 26.Qg3  0-1

[Event "Geneve op"]
[Site "Geneve"]
[Date "1997.??.??"]
[Round "8"]
[White "Tukmakov, Vladimir B"]
[Black "Landenbergue, Claude"]
[Result "1-0"]
[WhiteElo "2585"]
[BlackElo "2420"]

1.d4 Nf6 2.Nf3 g6 3.c4 Bg7 4.Nc3 O-O 5.e4 d6 6.Be2 e5 7.O-O Na6 8.Be3 Ng4
9.Bg5 Qe8 10.dxe5 h6 11.Bd2 dxe5 12.h3 Nf6 13.Be3 Nh5 14.c5 Nf4 15.Bxa6 bxa6
16.Qd2 Rb8 17.Rad1 g5 18.Rfe1 Qe6 19.Bxf4 exf4 20.Nd4 Qd7 21.Nd5 Qe8 22.b3 Be5
23.Nc6 Rb7 24.Nde7+ Kh7 25.Qd5 Bg7 26.Nxc8 Qxc8 27.Ne7 Qa8 28.Qf5+ Kh8 29.Rd7 c6
30.Red1 Qb8 31.Nxc6 Rxd7 32.Rxd7 Qb5 33.Nd8  1-0

[Event "Geneve op"]
[Site "Geneve"]
[Date "1997.??.??"]
[Round "9"]
[White "Tukmakov, Vladimir B"]
[Black "Markowski, Tomasz"]
[Result "1-0"]
[WhiteElo "2585"]
[BlackElo "2510"]

1.d4 d6 2.Nf3 Nf6 3.c4 g6 4.Nc3 Bg7 5.e4 O-O 6.Be2 Na6 7.O-O e5 8.Be3 c6
9.Re1 Qe8 10.dxe5 dxe5 11.c5 Ng4 12.Bxa6 Nxe3 13.Rxe3 bxa6 14.Qa4 Rb8 15.b3 Qe7
16.Qxc6 Bb7 17.Qd6 Qxd6 18.cxd6 Rfd8 19.Rd3 Rd7 20.Nd2 a5 21.Nc4 Ba6 22.Rc1 Rc8
23.Nd5 Kf8 24.Rdc3 Rcd8 25.Nxa5 Bh6 26.R1c2 Rxd6 27.f3 f5 28.Nc4 Rxd5 29.exd5 Rxd5
30.Kf2 Rd1 31.Ne3 Ra1 32.Rc7 Bd3 33.Rd2 e4 34.fxe4 fxe4 35.Rxa7 Bg7 36.Rd1  1-0

[Event "Gent op"]
[Site "Gent"]
[Date "1997.??.??"]
[Round "9"]
[White "Vanderstricht, Geert"]
[Black "Luminet, Denis"]
[Result "1-0"]
[WhiteElo "2260"]
[BlackElo "2295"]

1.d4 Nf6 2.c4 d6 3.Nc3 Nbd7 4.e4 e5 5.Nf3 g6 6.Be2 Bg7 7.O-O O-O 8.Re1 c6
9.Bf1 a6 10.Rb1 b5 11.a3 bxc4 12.dxe5 Nxe5 13.Nxe5 dxe5 14.Bxc4 Qe7 15.Qc2 Be6
16.Na4 Nd7 17.Be3 Rfc8 18.Rbd1 Rc7 19.Rd3 Nf8 20.Nc5 Bxc4 21.Qxc4 a5 22.Red1 Bf6
23.Bh6 Bg7 24.Bd2 Ne6 25.Nxe6 Qxe6 26.Qxe6 fxe6 27.Bc3 Raa7 28.Kf1 Kf7 29.Ke2 Bf6
30.g4 a4 31.Rf3 Ke7 32.Rdd3 Rd7 33.Bb4+  1-0

[Event "Bundesliga 9798"]
[Site "Germany"]
[Date "1997.??.??"]
[Round "?.5"]
[White "Heissler, Jakob"]
[Black "Werner, Dimo"]
[Result "1-0"]
[WhiteElo "2435"]
[BlackElo "2420"]

1.c4 Nf6 2.Nc3 d6 3.d4 Nbd7 4.e4 e5 5.Nf3 g6 6.Be2 Bg7 7.O-O O-O 8.d5 Nc5
9.Qc2 a5 10.Be3 b6 11.Nd2 Ne8 12.a3 f5 13.f3 a4 14.Bxc5 bxc5 15.Nxa4 Bh6
16.Nc3 Qh4 17.Rfd1 Be3+ 18.Kh1 Nf6 19.Nf1 Bd4 20.exf5 gxf5 21.Nb5 Rf7 22.Nxd4 cxd4
23.Ng3 f4 24.Ne4 Nxe4 25.fxe4 Rf6 26.Rd3 Rh6 27.h3 Bd7 28.a4 Kh8 29.Qd1 Rg8
30.Qf1 f3 31.Rxf3 Qxe4 32.Bd3 Qh4 33.Re1 Bxa4 34.Rf8 Qg3 35.Re4 Rg6 36.Rxg8+ Kxg8
37.Re1 Rg7 38.Ra1 Rf7 39.Qe2 Rf2 40.Qe4  1-0

[Event "Oberliga Nord W9798"]
[Site "Germany"]
[Date "1997.??.??"]
[Round "?.6"]
[White "Hoerstmann, Rudi"]
[Black "Jostes, Marko"]
[Result "1-0"]
[WhiteElo "2205"]
[BlackElo "2125"]

1.d4 Nf6 2.c4 g6 3.Nc3 Bg7 4.e4 d6 5.Nf3 O-O 6.Be2 e5 7.Be3 Ng4 8.Bg5 f6
9.Bh4 Nh6 10.O-O c6 11.Qd2 Qe8 12.Rfe1 Nf7 13.Bg3 Nd7 14.a3 f5 15.exf5 gxf5
16.Bf1 Bh6 17.Qc2 e4 18.Bh4 Qe6 19.Nxe4 fxe4 20.Rxe4 Qg6 21.Bd3 Nf6 22.Rf4 Qh5
23.Rxf6 Bg7 24.Rf4 Bd7 25.Be7 Rfe8 26.Rh4 Qxf3 27.Bxh7+ Kh8 28.Bg8+  1-0